[Event "It (open)"]
[Site "masterchessopen.com Hamburg (Germany)"]
[Round "9"]
[White "Borchgrevink Harald (NOR)"]
[Black "Dinckel Joerg (GER)"]
[Result "1-0"]
[WhiteElo "2287"]
[BlackElo "2133"]

1.d4 d5 2.Nf3 Nf6 3.c4 c6 4.Nc3 e6 5.Bg5 dxc4 6.e4 b5 7.e5 h6 8.Bh4 g5 9.Nxg5
hxg5 10.Bxg5 Nbd7 11.exf6 Bb7 12.g3 c5 13.d5 Qc7 14.Bg2 Qe5+ 15.Be3 b4 16.dxe6
O-O-O 17.exd7+ Rxd7 18.Bxb7+ Kd8 19.Qf3 bxc3 20.O-O cxb2 21.Rad1 Bd6 22.Qc6
{#r} 1-0

[Event "Ch Slovakia (juniors) (under 14)"]
[Site "masterchessopen.com Komarno (Slovakia)"]
[Round "0"]
[White "Bebiak Jozef (SVK)"]
[Black "Orolin Peter (SVK)"]
[Result "0-1"]
[WhiteElo "2087"]
[BlackElo "2074"]

1.d4 d5 2.c4 c6 3.Nc3 e6 4.Nf3 Nf6 5.Bg5 dxc4 6.e4 b5 7.e5 h6 8.Bh4 g5 9.Nxg5
hxg5 10.Bxg5 Nbd7 11.exf6 Bb7 12.Qf3 Qb6 13.Be2 O-O-O 14.Be3 c5 15.dxc5 Bxc5
16.Bxc5 Nxc5 17.Qg3 Rdg8 18.Bg4 Nd3+ 19.Kf1 Rxg4 {#R} 0-1

[Event "Ch Czech Republic (cat.8)"]
[Site "masterchessopen.com Lazne Bohdanec (Czech Republic)"]
[Round "4"]
[White "Sobek Jaroslav (CZE)"]
[Black "Talla Vladimir (CZE)"]
[Result "0-1"]
[WhiteElo "2295"]
[BlackElo "2352"]

1.d4 d5 2.c4 c6 3.Nf3 Nf6 4.Nc3 e6 5.Bg5 dxc4 6.e4 b5 7.e5 h6 8.Bh4 g5 9.Nxg5
hxg5 10.Bxg5 Nbd7 11.exf6 Bb7 12.g3 Qb6 13.Bg2 O-O-O 14.O-O Bh6 15.Ne4 c5
16.Bxh6 Rxh6 17.dxc5 Nxc5 18.Qe2 Bxe4 19.Bxe4 Rxf6 20.Bg2 Nd3 21.b3 Qd4 22.a4
Nxf2 23.Rab1 Ne4+ 24.Kh1 Nxg3+ {#R} 0-1

[Event "Ch Lisbon (qual)"]
[Site "masterchessopen.com Lisbon (Portugal)"]
[Round "2"]
[White "Miguel Lago Victor (ESP)"]
[Black "Santos Marco (POR)"]
[Result "0-1"]
[WhiteElo "2340"]
[BlackElo "2091"]

1.d4 d5 2.c4 e6 3.Nc3 c6 4.Nf3 Nf6 5.Bg5 dxc4 6.a4 Bb4 7.e4 b5 8.axb5 cxb5
9.e5 h6 10.exf6 hxg5 11.Nxg5 Qxf6 12.Nf3 Bb7 13.Be2 Nd7 14.Qd2 a6 15.O-O Bd6
16.h3 Bf4 17.Qd1 O-O-O 18.b3 Rxh3 19.Re1 Rh1+ 20.Kxh1 Qh6+ {#R} 0-1

[Event "Ch Poland (team) (2nd liga) North"]
[Site "masterchessopen.com Lublin (Poland)"]
[Round "7"]
[White "Kolendo Filip (POL)"]
[Black "Cichocki Adam (POL)"]
[Result "0-1"]
[WhiteElo "2185"]
[BlackElo "2377"]

1.d4 d5 2.c4 e6 3.Nc3 c6 4.Nf3 Nf6 5.Bg5 dxc4 6.e4 b5 7.e5 h6 8.Bh4 g5 9.Nxg5
hxg5 10.Bxg5 Nbd7 11.g3 Qb6 12.exf6 Bb7 13.Bg2 O-O-O 14.O-O c5 15.d5 b4 16.Na4
Qb5 17.dxe6 Bxg2 18.Kxg2 Qc6+ 19.Qf3 Rxh2+ {#R} 0-1

[Event "It (cat.9)"]
[Site "masterchessopen.com Lvov (Ukraine)"]
[Round "5"]
[White "Atalik Suat (BIH)"]
[Black "Polajzer Danilo (SLO)"]
[Result "1-0"]
[WhiteElo "2598"]
[BlackElo "2399"]

1.d4 d5 2.c4 c6 3.Nf3 Nf6 4.Nc3 e6 5.Bg5 dxc4 6.e4 b5 7.e5 h6 8.Bh4 g5 9.Nxg5
hxg5 10.Bxg5 Nbd7 11.exf6 Bb7 12.g3 c5 13.d5 Ne5 14.Bg2 Nd3+ 15.Kf1 Qd7
16.dxe6 fxe6 17.f7+ Qxf7 18.Qe2 Bh6 19.Bxb7 Bxg5 20.Bxa8 O-O 21.Ne4 Qf5 22.h4
Bc1 23.Bc6 {#r} 1-0

[Event "Ch Russia (juniors) (under 14)"]
[Site "masterchessopen.com Nizhnij Novgorod (Russia)"]
[Round "0"]
[White "Shipilov Andrey (RUS)"]
[Black "Utnasunov Alexander (RUS)"]
[Result "1-0"]
[WhiteElo "2180"]
[BlackElo "2175"]

1.d4 d5 2.c4 c6 3.Nf3 Nf6 4.Nc3 e6 5.Bg5 dxc4 6.e4 b5 7.e5 h6 8.Bh4 g5 9.Nxg5
hxg5 10.Bxg5 Nbd7 11.exf6 Bb7 12.g3 c5 13.d5 Nxf6 14.Bg2 Be7 15.O-O b4 16.d6
Bxg2 17.dxe7 Qxe7 18.Kxg2 bxc3 19.Qf3 Rb8 20.Bxf6 {#r} 1-0

[Event "Ch Chess Club"]
[Site "masterchessopen.com Norway"]
[Round "0"]
[White "Savinov Mikhail (RUS)"]
[Black "Romsdal Trond (NOR)"]
[Result "0-1"]
[WhiteElo "2210"]
[BlackElo "2204"]

1.d4 d5 2.c4 c6 3.Nf3 Nf6 4.Nc3 e6 5.Bg5 dxc4 6.e4 b5 7.e5 h6 8.Bh4 g5 9.Nxg5
hxg5 10.Bxg5 Nbd7 11.exf6 Bb7 12.g3 c5 13.d5 Bh6 14.dxe6 Ne5 15.exf7+ Kf8
16.Bxh6+ Rxh6 17.f4 Nf3+ 18.Kf2 Nd2 {#R} 0-1

[Event "Ch Spain (juniors) (under 16)"]
[Site "masterchessopen.com Oropesa (Spain)"]
[Round "6"]
[White "Vilches Del Castillo Sergio (ESP)"]
[Black "Gonzalez Menendez Ivan (ESP)"]
[Result "0-1"]
[WhiteElo "2047"]
[BlackElo "2425"]

1.d4 e6 2.c4 d5 3.Nc3 c6 4.Nf3 Nf6 5.Bg5 dxc4 6.e4 b5 7.e5 h6 8.Bh4 g5 9.Nxg5
hxg5 10.Bxg5 Nbd7 11.exf6 Bb7 12.g3 c5 13.d5 Qb6 14.Bg2 O-O-O 15.O-O b4 16.Na4
Qb5 17.a3 Bxd5 18.axb4 Bxg2 19.Kxg2 Qc6+ 20.Qf3 Rxh2+ {#R} 0-1

[Event "It (open)"]
[Site "masterchessopen.com Paris (France)"]
[Round "3"]
[White "Chardin Thierry (FRA)"]
[Black "Moutaux Robert (FRA)"]
[Result "1-0"]
[WhiteElo "2053"]
[BlackElo "1824"]

1.d4 d5 2.c4 c6 3.Nf3 Nf6 4.Nc3 e6 5.Bg5 dxc4 6.e4 b5 7.e5 h6 8.Bh4 g5 9.exf6
gxh4 10.Ne5 Qxf6 11.a4 Bb4 12.Be2 a5 13.O-O Bxc3 14.bxc3 Ra7 15.Qb1 O-O 16.Re1
Qg5 17.Bf3 bxa4 18.Qxb8 Rb7 19.Qa8 Qd2 20.Qxa5 {#r} 1-0

[Event "It (open) \"]
[Site "masterchessopen.com Spain"]
[Round "9"]
[White "Vallbona Domingo Joan (ESP)"]
[Black "Marques Taltabull Antonio (ESP)"]
[Result "0-1"]
[WhiteElo "2017"]
[BlackElo "2208"]

1.d4 Nf6 2.Nf3 e6 3.c4 d5 4.Nc3 c6 5.Bg5 dxc4 6.e4 b5 7.e5 h6 8.Bh4 g5 9.exf6
gxh4 10.a4 Bb4 11.Ne5 Qxf6 12.Qh5 c5 13.Qf3 Qxf3 14.Nxf3 Bb7 15.dxc5 h3
16.axb5 Bd5 17.c6 Rg8 18.Rg1 Bxf3 19.g3 Rg5 20.Bxc4 Rc5 21.Be2 Re5 22.Kd1
Bxe2+ 23.Nxe2 Rxb5 24.c7 {#R} 0-1

[Event "It (open)"]
[Site "masterchessopen.com Wiesbaden (Germany)"]
[Round "1"]
[White "Heim Frank (GER)"]
[Black "Rosenberger Frank (GER)"]
[Result "0-1"]
[WhiteElo "2059"]
[BlackElo "2264"]

1.d4 d5 2.c4 e6 3.Nc3 c6 4.Nf3 Nf6 5.Bg5 dxc4 6.e4 b5 7.e5 h6 8.Bh4 g5 9.Nxg5
hxg5 10.Bxg5 Be7 11.exf6 Bxf6 12.Bxf6 Qxf6 13.Qd2 Nd7 14.Be2 Bb7 15.Bf3 O-O-O
16.a4 Nc5 17.Qe3 Nb3 18.Ra2 Nxd4 {#R} 0-1

[Event "Memorial C.Torre"]
[Site "masterchessopen.com Yucatan (Mexico)"]
[Round "4"]
[White "Gulko Boris F (USA)"]
[Black "Vera Reynaldo (CUB)"]
[Result "1-0"]
[WhiteElo "2618"]
[BlackElo "2538"]

1.c4 e6 2.Nf3 d5 3.d4 Nf6 4.Nc3 c6 5.Bg5 dxc4 6.e4 b5 7.e5 h6 8.Bh4 g5 9.Nxg5
Nd5 10.Nxf7 Qxh4 11.Nxh8 Bb4 12.Rc1 c5 13.dxc5 Nd7 14.Be2 Nxe5 15.O-O Bb7
16.Nxb5 Rd8 17.Qa4 Nf4 18.Nd4+ Kf8 19.Nxe6+ Nxe6 20.Qxb4 Bc6 21.f4 Kg8 22.Qe1
Qxe1 23.Rcxe1 {#r} 1-0

[Event "It (open)"]
[Site "masterchessopen.com Zurich (Switzerland)"]
[Round "1"]
[White "Nemet Ivan (SUI)"]
[Black "Papa Severin (SUI)"]
[Result "1-0"]
[WhiteElo "2435"]
[BlackElo "2132"]

1.d4 d5 2.Nf3 Nf6 3.c4 c6 4.Nc3 e6 5.Bg5 dxc4 6.e4 b5 7.e5 h6 8.Bh4 g5 9.Nxg5
hxg5 10.Bxg5 Nbd7 11.g3 Rg8 12.Bxf6 Nxf6 13.exf6 Bb7 14.Bg2 Qb6 15.O-O O-O-O
16.Qh5 Rg6 17.Ne4 Rxd4 18.a4 Bh6 19.a5 Qc7 20.Qc5 Rd5 21.Qxa7 Qb8 22.Qxb8+
Kxb8 23.a6 Ba8 24.Nc3 Rd2 25.Nxb5 Rxb2 26.a7+ {#r} 1-0

[Event "Ch Belgium (team) 2000/01"]
[Site "masterchessopen.com Belgium"]
[Round "5"]
[White "Piceu Tom (BEL)"]
[Black "Schumacher Helmut (BEL)"]
[Result "1-0"]
[WhiteElo "2179"]
[BlackElo "2184"]

1.d4 d5 2.c4 e6 3.Nc3 c6 4.Nf3 Nf6 5.Bg5 dxc4 6.e4 b5 7.e5 h6 8.Bh4 g5 9.exf6
gxh4 10.Ne5 Qxf6 11.a4 Bb4 12.Be2 h3 13.Bf3 hxg2 14.Rg1 Nd7 15.Bxc6 Rb8
16.axb5 Bd6 17.Ne4 Bb4+ 18.Ke2 Qg7 19.Rxa7 Kf8 20.Bxd7 f6 21.Nc6 Rxb5 22.Bxc8
Qg6 23.f3 Bd6 24.Qa1 Rb3 25.Bxe6 {#r} 1-0

[Event "It (open)"]
[Site "masterchessopen.com Bizovac (Croatia)"]
[Round "3"]
[White "Cebalo Miso (CRO)"]
[Black "Martic Zlatko (CRO)"]
[Result "1-0"]
[WhiteElo "2520"]
[BlackElo "2272"]

1.d4 Nf6 2.c4 e6 3.Nf3 d5 4.Nc3 c6 5.Bg5 dxc4 6.a4 Bb4 7.e4 Bxc3+ 8.bxc3 Qa5
9.e5 Ne4 10.Bd2 Qd5 11.a5 Nxd2 12.Nxd2 O-O 13.Nxc4 c5 14.Ne3 Qd8 15.Bd3 cxd4
16.cxd4 Nc6 17.O-O Qxd4 18.Ra4 Qxe5 19.a6 g6 20.Be4 Rb8 21.Ng4 Qc3 22.Qd6 Rd8
23.Qf4 Rd4 24.Qf6 Qd2 25.Bxc6 {#r} 1-0

[Event "It (open) (b)"]
[Site "masterchessopen.com Bled (Slovenia)"]
[Round "6"]
[White "Lacrosse Marc (BEL)"]
[Black "Kozamernik Janez (SLO)"]
[Result "1-0"]
[WhiteElo "2298"]
[BlackElo "2173"]

1.d4 d5 2.c4 c6 3.Nf3 Nf6 4.Nc3 e6 5.Bg5 dxc4 6.e4 b5 7.e5 h6 8.Bh4 g5 9.Nxg5
hxg5 10.Bxg5 Nbd7 11.exf6 Bb7 12.g3 c5 13.d5 Bh6 14.Bxh6 Rxh6 15.Qd2 Qxf6
16.O-O-O Kf8 17.Bg2 Nb6 18.Ne4 Qg6 19.dxe6 b4 20.Qd6+ Kg7 21.Qe5+ Kf8 22.e7+
Ke8 {#r} 1-0

[Event "Memorial M.Najdorf (qual.)"]
[Site "masterchessopen.com Buenos Aires (Argentina)"]
[Round "1"]
[White "Julia Ernesto (ARG)"]
[Black "Pierucci Fabian (ARG)"]
[Result "1-0"]
[WhiteElo "2393"]
[BlackElo "2149"]

1.d4 d5 2.c4 c6 3.Nf3 Nf6 4.Nc3 e6 5.Bg5 dxc4 6.e4 b5 7.e5 h6 8.Bh4 g5 9.exf6
gxh4 10.Be2 Bb7 11.a4 a6 12.Ne5 Nd7 13.Bf3 b4 14.Ne4 Rc8 15.Nxf7 Qc7 16.Bh5
{#r} 1-0

[Event "It (open)"]
[Site "masterchessopen.com Burgos (Spain)"]
[Round "8"]
[White "Veingold Aleksandr (EST)"]
[Black "Korneev Oleg (RUS)"]
[Result "0-1"]
[WhiteElo "2457"]
[BlackElo "2619"]

1.d4 d5 2.c4 e6 3.Nc3 c6 4.Nf3 Nf6 5.Bg5 dxc4 6.e4 b5 7.e5 h6 8.Bh4 g5 9.Nxg5
hxg5 10.Bxg5 Nbd7 11.g3 Rg8 12.h4 Rxg5 13.hxg5 Nd5 14.g6 fxg6 15.Qg4 Qe7
16.Bg2 Qf7 17.Be4 Ne7 18.Rh8 Nb6 19.a4 b4 20.a5 bxc3 21.axb6 cxb2 22.Rxa7 Rb8
23.Rxe7+ Kxe7 24.Qg5+ Kd7 25.Bxg6 Rxb6 {#R} 0-1

[Event "It (open)"]
[Site "masterchessopen.com Catalunia (Spain)"]
[Round "5"]
[White "Molina Mansilla Ricardo (ESP)"]
[Black "Fluvia Poyatos Joan (ESP)"]
[Result "0-1"]
[WhiteElo "2320"]
[BlackElo "2403"]

1.d4 d5 2.Nf3 Nf6 3.c4 c6 4.Nc3 e6 5.Bg5 dxc4 6.e4 b5 7.e5 h6 8.Bh4 g5 9.exf6
gxh4 10.a4 Bb7 11.Ne5 Qxf6 12.Be2 a6 13.Bh5 Rh7 14.Bf3 Nd7 15.Nxd7 Kxd7
16.axb5 axb5 17.Rxa8 Bxa8 18.Qa1 Bb7 19.Qa7 Kc8 20.Nxb5 Qg5 {#R} 0-1

[Event "Ch Pfalz"]
[Site "masterchessopen.com Deidesheim (Germany)"]
[Round "4"]
[White "Ortinau Peter (GER)"]
[Black "Busch Lorenz (GER)"]
[Result "0-1"]
[WhiteElo "2070"]
[BlackElo "2092"]

1.d4 Nf6 2.c4 e6 3.Nf3 d5 4.Nc3 c6 5.Bg5 dxc4 6.e4 b5 7.e5 h6 8.Bh4 g5 9.Nxg5
hxg5 10.Bxg5 Nbd7 11.exf6 Bb7 12.h4 Qb6 13.g4 c5 14.d5 O-O-O 15.Bg2 b4 16.Ne2
exd5 17.Bxd5 Ne5 18.Nf4 Bxd5 19.Nxd5 Qe6 20.Ne3 Rxd1+ 21.Rxd1 Nf3+ {#R} 0-1

[Event "It (open)"]
[Site "masterchessopen.com Dos Hermanas (Spain)"]
[Round "4"]
[White "Veingold Aleksandr (EST)"]
[Black "Korneev Oleg (RUS)"]
[Result "1-0"]
[WhiteElo "2457"]
[BlackElo "2619"]

1.d4 d5 2.Nf3 Nf6 3.c4 e6 4.Nc3 c6 5.Bg5 dxc4 6.e4 b5 7.e5 h6 8.Bh4 g5 9.Nxg5
hxg5 10.Bxg5 Nbd7 11.g3 Bb7 12.Bg2 Qb6 13.exf6 O-O-O 14.O-O c5 15.d5 b4 16.Rb1
Qa6 17.dxe6 Bxg2 18.e7 Bxf1 19.Kxf1 Re8 20.Ne4 c3+ 21.Kg1 c2 22.Qxc2 Bh6
23.Rd1 Bxg5 24.Rxd7 Bf4 25.Nxc5 {#r} 1-0

[Event "It (open)"]
[Site "masterchessopen.com Lisbon (Portugal)"]
[Round "3"]
[White "Komljenovic Davor (CRO)"]
[Black "Rocha Sergio (POR)"]
[Result "1-0"]
[WhiteElo "2514"]
[BlackElo "2374"]

1.d4 d5 2.c4 c6 3.Nf3 Nf6 4.Nc3 e6 5.Bg5 dxc4 6.e4 b5 7.e5 h6 8.Bh4 g5 9.Nxg5
hxg5 10.Bxg5 Nbd7 11.g3 Qb6 12.exf6 Bb7 13.Bg2 O-O-O 14.O-O Bh6 15.h4 Bxg5
16.hxg5 Ne5 17.dxe5 Rxd1 18.Rfxd1 Kc7 19.Ne4 Rg8 20.Rd6 b4 21.Rad1 Qa5 22.Rd7+
Kb6 23.Nd6 Ba6 24.Rb7+ {#r} 1-0

[Event "It (open)"]
[Site "masterchessopen.com Mehlingen (Germany)"]
[Round "7"]
[White "Lares Harald (GER)"]
[Black "Bohne Lutz (GER)"]
[Result "1-0"]
[WhiteElo "2082"]
[BlackElo "2026"]

1.Nf3 d5 2.c4 c6 3.d4 Nf6 4.Nc3 e6 5.Bg5 dxc4 6.e4 b5 7.e5 h6 8.Bh4 g5 9.Nxg5
hxg5 10.Bxg5 Nbd7 11.exf6 Qb6 12.g3 Bb7 13.Bg2 O-O-O 14.O-O Bh6 15.Bxh6 Rxh6
16.a4 Rdh8 17.Ne4 Kc7 18.Qd2 Kb8 19.Nd6 Rxf6 20.axb5 Ba8 21.Ra6 Qc7 22.Bxc6
Nb6 23.Ne8 Rxe8 24.Bxe8 Qc8 25.Qg5 Nd5 26.Qe5+ {#r} 1-0

[Event "Ch Spain (juniors) (under 20)"]
[Site "masterchessopen.com Mondariz (Spain)"]
[Round "4"]
[White "Navarro Ortiz De Orruno P (ESP)"]
[Black "Navarro Ortiz De Ortuno B (ESP)"]
[Result "1-0"]
[WhiteElo "2046"]
[BlackElo "2275"]

1.d4 d5 2.c4 c6 3.Nf3 Nf6 4.Nc3 e6 5.Bg5 dxc4 6.a4 b5 7.axb5 cxb5 8.Nxb5 Qb6
9.Nc3 Qxb2 10.Bd2 Nd5 11.Rb1 Qa3 12.Nb5 Qa2 13.e4 a6 14.Ra1 Qb2 15.Bxc4 {#r}
1-0

[Event "It (open)"]
[Site "masterchessopen.com Muenster (Germany)"]
[Round "1"]
[White "Stoyanov Petar (GER)"]
[Black "Dieks Matthias (GER)"]
[Result "1-0"]
[WhiteElo "2275"]
[BlackElo "2027"]

1.Nf3 Nf6 2.c4 e6 3.Nc3 d5 4.d4 c6 5.Bg5 dxc4 6.a4 Nbd7 7.e4 h6 8.Bxf6 Nxf6
9.Bxc4 Bb4 10.Qc2 O-O 11.O-O Qc7 12.Ba2 Qf4 13.Bb1 e5 14.Nxe5 Bxc3 15.bxc3 g6
16.Re1 c5 17.Nd3 Qh4 18.Nxc5 Nh5 19.Nd3 Be6 20.Ba2 Bg4 21.f3 {#r} 1-0

[Event "It (cat.10)"]
[Site "masterchessopen.com Niksic (Yugoslavia)"]
[Round "0"]
[White "Komarov Dimitri (UKR)"]
[Black "Ivanovic Bozidar (MNE)"]
[Result "1-0"]
[WhiteElo "2556"]
[BlackElo "2476"]

1.d4 d5 2.c4 c6 3.Nf3 Nf6 4.Nc3 e6 5.Bg5 dxc4 6.e4 b5 7.e5 h6 8.Bh4 g5 9.Nxg5
hxg5 10.Bxg5 Nbd7 11.g3 Rg8 12.h4 Bb7 13.Bg2 Qb6 14.exf6 O-O-O 15.O-O Ne5
16.Qh5 Rxg5 17.hxg5 Rxd4 18.Rae1 Bd6 19.Rxe5 Bxe5 20.Qxf7 Qc5 21.g6 {#r} 1-0

[Event "It (open)"]
[Site "masterchessopen.com Nova Gorica (Slovenia)"]
[Round "6"]
[White "Cebalo Miso (CRO)"]
[Black "Karer Gregor (SLO)"]
[Result "1-0"]
[WhiteElo "2520"]
[BlackElo "2106"]

1.d4 d5 2.Nf3 Nf6 3.c4 e6 4.Nc3 c6 5.Bg5 dxc4 6.e4 b5 7.a4 Bb4 8.e5 h6 9.exf6
hxg5 10.fxg7 Rg8 11.g3 Bb7 12.Bg2 Nd7 13.h4 gxh4 14.Rxh4 Qb6 15.Ng5 Rxg7
16.Rh8+ Nf8 17.a5 Qa6 18.Qf3 O-O-O 19.Nxf7 Rxd4 20.Qf6 Rgg4 21.Ne5 {#r} 1-0

[Event "Ch Yugoslavia (team)"]
[Site "masterchessopen.com Novi Sad (Yugoslavia)"]
[Round "4"]
[White "Djukic Zeljko (SRB)"]
[Black "Pavlovic Milos (SRB)"]
[Result "0-1"]
[WhiteElo "2400"]
[BlackElo "2461"]

1.d4 d5 2.c4 e6 3.Nf3 Nf6 4.Nc3 c6 5.Bg5 dxc4 6.e4 b5 7.e5 h6 8.Bh4 g5 9.exf6
gxh4 10.Ne5 Qxf6 11.Be2 Nd7 12.Nxc6 Bb7 13.Bf3 a6 14.O-O Rc8 15.d5 Bxc6
16.dxc6 Ne5 17.Kh1 h3 18.Qd4 Bc5 19.Qxc5 Nxf3 20.Qd6 hxg2+ 21.Kxg2 Nh4+ 22.Kh3
Qf5+ 23.Kxh4 Qg5+ 24.Kh3 Qh5+ 25.Kg3 Rg8+ {#R} 0-1

[Event "It (cat.4) \"]
[Site "masterchessopen.com Olomouc (Czech Republic)"]
[Round "8"]
[White "Klima Lukas (CZE)"]
[Black "Talla Vladimir (CZE)"]
[Result "0-1"]
[WhiteElo "2276"]
[BlackElo "2401"]

1.d4 d5 2.Nf3 c6 3.c4 e6 4.Nc3 Nf6 5.Bg5 dxc4 6.e4 b5 7.e5 h6 8.Bh4 g5 9.Nxg5
hxg5 10.Bxg5 Nbd7 11.exf6 Bb7 12.g3 Qb6 13.Bg2 O-O-O 14.O-O Bh6 15.Ne4 c5
16.Bxh6 Rxh6 17.dxc5 Nxc5 18.Qe2 Bxe4 19.Bxe4 Rxf6 20.Bg2 Nd3 21.b3 Qd4 22.a4
Nxf2 23.axb5 Nd1+ {#R} 0-1

[Event "Ch Mallorca (preferente)"]
[Site "masterchessopen.com Palma de Majorca (Spain)"]
[Round "1"]
[White "Pomar Mir Francisco (ESP)"]
[Black "Pons Boscana Gabriel (ESP)"]
[Result "1-0"]
[WhiteElo "1958"]
[BlackElo "2318"]

1.Nf3 Nf6 2.c4 c6 3.Nc3 d5 4.d4 e6 5.Bg5 dxc4 6.a4 Bb4 7.e3 Qa5 8.Bxf6 Bxc3+
9.bxc3 Qxc3+ 10.Nd2 gxf6 11.Bxc4 Nd7 12.O-O Qa5 13.Ne4 f5 14.Qh5 Qc7 15.Bxe6
fxe4 16.Qxf7+ Kd8 17.Bxd7 Qd6 18.Bxc8 Rxc8 19.Qxb7 h5 20.Rac1 Rh6 21.Qxa7 Rc7
22.Qc5 Qg6 23.Qf8+ Kd7 24.Rc5 {#r} 1-0

[Event "It (open)"]
[Site "masterchessopen.com Seefeld (Austria)"]
[Round "3"]
[White "Gorecki Zbigniew (POL)"]
[Black "Schumacher Helmut (BEL)"]
[Result "0-1"]
[WhiteElo "2112"]
[BlackElo "2184"]

1.d4 d5 2.c4 e6 3.Nc3 c6 4.Nf3 Nf6 5.Bg5 dxc4 6.e4 b5 7.e5 h6 8.Bh4 g5 9.Nxg5
hxg5 10.Bxg5 Nbd7 11.g3 Qb6 12.exf6 Bb7 13.Bg2 O-O-O 14.O-O Bh6 15.Bxh6 Rxh6
16.Ne4 Nxf6 17.Qd2 Rg6 18.Nc5 Qxc5 {#R} 0-1

[Event "Ch Asturia (team) 1999/00"]
[Site "masterchessopen.com Spain"]
[Round "11"]
[White "Busto Campa Jorge (ESP)"]
[Black "Gonzalez Menendez Ivan (ESP)"]
[Result "0-1"]
[WhiteElo "1934"]
[BlackElo "2242"]

1.d4 d5 2.c4 e6 3.Nf3 c6 4.Nc3 Nf6 5.Bg5 dxc4 6.a4 Bb4 7.Qc2 b5 8.e3 Nbd7
9.Be2 Bb7 10.O-O a6 11.Rfd1 O-O 12.Ne5 Be7 13.Bf3 Nxe5 14.dxe5 Nd5 15.Bxe7
Qxe7 16.Ne4 Nb4 17.Qc3 Nd3 18.Rd2 c5 19.Kh1 Bd5 20.Rxd3 cxd3 21.Qxd3 Rad8
22.Nd6 Bxf3 23.gxf3 f6 24.f4 fxe5 25.fxe5 Rxf2 26.axb5 Qh4 {#R} 0-1

[Event "Memorial I.Cvetanovic (cat.7)"]
[Site "masterchessopen.com Split (Croatia)"]
[Round "4"]
[White "Zaja Ivan (CRO)"]
[Black "Nikolac Juraj (CRO)"]
[Result "1-0"]
[WhiteElo "2513"]
[BlackElo "2437"]

1.d4 d5 2.c4 e6 3.Nc3 c6 4.Nf3 Nf6 5.Bg5 dxc4 6.e4 b5 7.a4 Bb4 8.e5 h6 9.exf6
hxg5 10.fxg7 Rg8 11.h4 gxh4 12.Qc2 Rxg7 13.Rxh4 Nd7 14.axb5 Bb7 15.Rh8+ Nf8
16.bxc6 Bxc6 17.Ne5 Qc7 18.Ra6 Bb5 19.Bxc4 Qb7 20.Bxb5+ Qxb5 21.Qe4 Rc8 22.Rc6
Bxc3+ 23.Rxc3 Qa5 24.Qb7 Rd8 {#r} 1-0

[Event "It (open) (w)"]
[Site "masterchessopen.com Tan Binh (Vietnam)"]
[Round "10"]
[White "Tran Thi Kim Loan (VIE)"]
[Black "Pham Bich Ngoc (VIE)"]
[Result "1-0"]
[WhiteElo "2152"]
[BlackElo "2166"]

1.d4 d5 2.c4 e6 3.Nc3 c6 4.Nf3 Nf6 5.Bg5 dxc4 6.e4 b5 7.e5 h6 8.Bh4 g5 9.Nxg5
hxg5 10.Bxg5 Nbd7 11.Qf3 Qb6 12.Bxf6 Nxf6 13.Qxf6 Rh6 14.Qf4 Bb7 15.Be2 Rg6
16.Bf3 c5 17.d5 Bh6 18.Qe4 b4 19.Na4 Qb5 20.Qc2 Bxd5 21.Bxd5 exd5 22.O-O Qc6
23.Rae1 O-O-O 24.f4 Rdg8 25.Rf2 d4 {#r} 1-0

[Event "It (open) (a)"]
[Site "masterchessopen.com Voronezh (Russia)"]
[Round "4"]
[White "Shtyrenkov Veniamen (RUS)"]
[Black "Ishkov Oleg (RUS)"]
[Result "0-1"]
[WhiteElo "2511"]
[BlackElo "2369"]

1.d4 d5 2.c4 c6 3.Nc3 Nf6 4.Nf3 e6 5.Bg5 dxc4 6.a4 Bb4 7.e4 b5 8.e5 h6 9.exf6
hxg5 10.fxg7 Rg8 11.g3 c5 12.Bg2 Bb7 13.O-O Bxc3 14.bxc3 cxd4 15.Nxd4 Bxg2
16.Kxg2 Qd5+ 17.Kg1 Ke7 18.Rb1 a6 19.axb5 Rxg7 20.Re1 Nd7 21.bxa6 Rxa6 22.Rb5
Nc5 23.Re5 Qxe5 {#R} 0-1

[Event "Ch Belgium (team) 2001/02"]
[Site "masterchessopen.com Belgium"]
[Round "2"]
[White "Bertrem Stijn (BEL)"]
[Black "Schumacher Helmut (BEL)"]
[Result "1-0"]
[WhiteElo "2223"]
[BlackElo "2176"]

1.d4 d5 2.c4 e6 3.Nc3 c6 4.Nf3 Nf6 5.Bg5 dxc4 6.e4 b5 7.e5 h6 8.Bh4 g5 9.exf6
gxh4 10.Ne5 Qxf6 11.a4 Bb4 12.Be2 Bb7 13.Bf3 Qe7 14.O-O Bxc3 15.bxc3 Qc7
16.Re1 a6 17.Bh5 O-O 18.Qg4+ Kh7 19.Qxh4 c5 20.Re3 cxd4 21.cxd4 Rg8 22.Bxf7
Rxg2+ 23.Kf1 Rg5 24.Rg3 Nc6 25.Rh3 {#r} 1-0

[Event "It (open) (juniors) (under 18)"]
[Site "masterchessopen.com Bydgoszcz (Poland)"]
[Round "0"]
[White "Rzoska Kamil (POL)"]
[Black "Schreiber Lukasz (POL)"]
[Result "1-0"]
[WhiteElo "2203"]
[BlackElo "2072"]

1.Nf3 d5 2.d4 Nf6 3.c4 c6 4.Nc3 e6 5.Bg5 dxc4 6.a4 Bb4 7.Bxf6 Qxf6 8.e3 b5
9.Be2 Bb7 10.O-O a6 11.Ne5 Qe7 12.f4 f6 13.Bh5+ g6 14.Bxg6+ hxg6 15.Nxg6 Qg7
16.Nxh8 Qxh8 17.Qg4 Ke7 18.f5 Bxc3 19.bxc3 Nd7 20.fxe6 Rg8 21.Qf4 c5 22.e4 Qg7
23.Rf2 Nb8 24.Qc7+ Kxe6 25.d5+ Bxd5 26.exd5+ {#r} 1-0

[Event "Ch Spain (open)"]
[Site "masterchessopen.com Cala Mendia (Spain)"]
[Round "1"]
[White "Matas Artigues Josep (ESP)"]
[Black "Gonzalez Menendez Ivan (ESP)"]
[Result "0-1"]
[WhiteElo "1711"]
[BlackElo "2223"]

1.d4 e6 2.c4 d5 3.Nc3 c6 4.Nf3 Nf6 5.Bg5 dxc4 6.e3 b5 7.a4 Bb4 8.Be2 Bb7 9.O-O
a6 10.Qc2 Nbd7 11.Rfd1 O-O 12.e4 Qc7 13.e5 Nd5 14.Nxd5 cxd5 15.Rdc1 Rfc8
16.Bh4 Nf8 17.Bg3 Bc6 18.axb5 axb5 19.b3 Ra5 20.Rxa5 Qxa5 21.h3 Ra8 22.Ng5 Bd2
{#R} 0-1

[Event "It (open)"]
[Site "masterchessopen.com Calcutta (India)"]
[Round "6"]
[White "Komarov Dimitri (UKR)"]
[Black "Abdulla Al-Rakib (BAN)"]
[Result "1-0"]
[WhiteElo "2541"]
[BlackElo "2435"]

1.d4 d5 2.c4 c6 3.Nf3 Nf6 4.Nc3 e6 5.Bg5 dxc4 6.e4 b5 7.e5 h6 8.Bh4 g5 9.Nxg5
hxg5 10.Bxg5 Nbd7 11.g3 Qa5 12.exf6 Ba6 13.Qf3 b4 14.Ne4 Qd5 15.Be3 c5 16.Rd1
Rd8 17.b3 Bb7 18.Bg2 cxb3 19.axb3 Ba6 20.Nxc5 Qxf3 21.Bxf3 Bxc5 22.dxc5 Ne5
23.Rxd8+ Kxd8 24.Be4 {#r} 1-0